| 000 | 00359nam a2200145Ia 4500 | ||
|---|---|---|---|
| 008 | 210210b1960 xxu||||| |||| 00| 0 eng d | ||
| 082 | _a925.8 BEAL | ||
| 100 | _aBEATY (John Y). | ||
| 245 | _aLuther Bur Bank plant magician. | ||
| 260 |
_aN D _bS. Chand & Co. Ltd. _c1960 |
||
| 300 | _ax,153 | ||
| 650 | _aBotanist | ||
| 690 | _aBiography | ||
| 906 | _a028418 | ||
| 999 |
_c79666 _d79666 |
||